书目信息 |
| 题名: |
外事翻译理论与实践
|
|
| 作者: | 涂和平 , 张欲晓 , 江广华 著 | |
| 分册: | ||
| 出版信息: | 北京 国防工业出版社 2008.07 |
|
| 页数: | 278页 | |
| 开本: | 21cm | |
| 丛书名: | ||
| 单 册: | ||
| 中图分类: | H315.9 | |
| 科图分类: | ||
| 主题词: | 英语--ying yu--翻译理论 | |
| 电子资源: | ||
| ISBN: | 978-7-118-05701-0 | |
| 000 | 01110nam0 2200289 450 | |
| 001 | 012009312978 | |
| 005 | 20090120115800.79 | |
| 010 | @a978-7-118-05701-0@dCNY28.00 | |
| 100 | @a20090103d2008 em y0chiy0120 ea | |
| 101 | 0 | @achi@aeng |
| 102 | @aCN@b110000 | |
| 105 | @ay a 000yy | |
| 106 | @ar | |
| 200 | 1 | @a外事翻译理论与实践@Awai shi fan yi li lun yu shi jian@d= Translation studies and practice in foreign affairs@f涂和平 ... [等] 著@Ftu he ping...[deng]zhu@zeng |
| 210 | @a北京@c国防工业出版社@d2008.07 | |
| 215 | @a278页@d21cm | |
| 304 | @a题名页题 : 涂和平, 张欲晓, 江广华, 刘彦娟著 | |
| 320 | @a有书目 (第277页) | |
| 330 | @a本书主要侧重于外事翻译理论与实践的研究。全书共26章,三大部分:第一部分是外事翻译理论篇,主要介绍一些外事翻译的基本知识和基础理论等。 | |
| 510 | 1 | @aTranslation studies and practice in foreign affairs@zeng |
| 606 | 0 | @a英语@Aying yu@x翻译理论 |
| 690 | @aH315.9@v4 | |
| 701 | 0 | @a涂和平@Atu he ping@4著 |
| 701 | 0 | @a张欲晓@Azhang yu xiao@4著 |
| 701 | 0 | @a江广华@Ajiang guang hua@4著 |
| 801 | 0 | @aCN@bQSSK@c20090120 |
| 905 | @b736686-88@dH315.9@eT902@f3 | |
| 外事翻译理论与实践= Translation studies and practice in foreign affairs/涂和平 ... [等] 著.-北京:国防工业出版社,2008.07 |
| 278页;21cm |
| ISBN 978-7-118-05701-0:CNY28.00 |
| 本书主要侧重于外事翻译理论与实践的研究。全书共26章,三大部分:第一部分是外事翻译理论篇,主要介绍一些外事翻译的基本知识和基础理论等。 |
| ● |
| 相关链接 |
|
|
|
正题名:外事翻译理论与实践
索取号:H315.9/T902
 
预约/预借
| 序号 | 登录号 | 条形码 | 馆藏地/架位号 | 状态 | 备注 |
| 1 | 736686 | 207366866 | 语言库209/209语言库 39排5列1层/ [索取号:H315.9/T902] | 在馆 | |
| 2 | 736687 | 207366875 | 语言库209/209语言库 39排5列2层/ [索取号:H315.9/T902] | 在馆 | |
| 3 | 736688 | 207366884 | 语言库209/209语言库 39排5列1层/ [索取号:H315.9/T902] | 在馆 |